Регионална библиотека "Любен Каравелов" - Русе

Сборник по математика за ІІІ клас : по новата програма (Запис номер 325806)

MARC детайли
000 -Лидер
Контролно поле с фиксирана дължина 01063aam a2200301 a 4500
003 - Код на организацията, давaща контролен номер
Контролно поле BLK
005 - Дата и час на последна редакция
Контролно поле 20231125151115.0
008 - Елементи от данни с фиксирана дължина
fixed length control field 180914b bul||||| |||| 00| 0 bul d
020 ## - Международен стандартен номер на книга ISBN
Международен стандартен номер на книга ISBN 978-619-222-255-0
040 ## - Източник на каталожния запис
Идентификатор на билиотеката - собственик на записа BLK
041 ## - Код за език
Код за езика на текст/звукозапис или на отделно заглавие Български
Код за езика КДБФ Български
080 ## - УДК
УДК - код + определител 372.47(076)(075.2)
100 ## - Редна дума - Автор
Автор Ангелова, Владимира Стефанова
R(LIN) 306220
Авторска отговорност първи автор
139 ## - Редно поле
Редна дума Ангелова, Владимира Стефанова
Авторски знак Ан - А 64
245 ## - Сведения за заглавието
Заглавие Сборник по математика за ІІІ клас : по новата програма
Редно поле (дума) Владимира Ангелова, Жана Колева
257 ## - Страна на издаване
Страна на създаване/издаване България
260 ## - Област на издателските данни
Име на издателя, разпространителя и проч. Просвета плюс
Година на издаване 2017
Място на издаване, разпространение и проч. София
300 ## - Физическа характеристика
Страници 120 с. : с ил.
Размери/Мащаб 29 см
380 ## - Жанр
Жанр Обществени науки
650 #0 - Допълнително описание по предмет – тема
9 (RLIN) 285947
Основно описание – тема или топоним Математика - задачи
700 ## - Други автори (авторска отговорност)
Лично име Колева, Жана Костова
Автороска отговорност (Описва отношението между автора и произведението) съавт.
9 (RLIN) 1445
852 ## - Местоположение
Фондова буква Детски отдел
Систематично-азбучна сигнатура ДН 372.47/А 64
999 ## - СИСТЕМНИ КОНТРОЛНИ НОМЕРА
Koha biblionumber 325806
Koha biblioitemnumber 325806
942 ## - АРТИКУЛИ
Вид на библиотечния материал Книги
Източник на класификационната схема Universal Decimal Classification
Скрит в OPAC Не
Koha issues (borrowed), all copies 9
999 ## - СИСТЕМНИ КОНТРОЛНИ НОМЕРА
Koha biblioitemnumber 325806
999 ## - СИСТЕМНИ КОНТРОЛНИ НОМЕРА
Koha biblioitemnumber 325806
999 ## - СИСТЕМНИ КОНТРОЛНИ НОМЕРА
Koha biblioitemnumber 322831
999 ## - СИСТЕМНИ КОНТРОЛНИ НОМЕРА
Koha biblioitemnumber 322831
944 ## - СЪЗДАВАНЕ И РЕДАКЦИЯ на ЗАПИСА
Служител, извършил регистрацията/редакцията 30535
Статус, дата на статуса Христина Везирева
Наличности
Код за отписване Код за изгубен артикул Източник на класификационната схема Код за повреда Коз за рестрикции Код за отдаване Артикулен № Име на библиотеката - собственик Име на библиотеката, в която се намира в момента Статус (Текущо местоположение) Дата на вписване в системата Местоположение - отдел Цена в лева Инвентарен номер Систематично азбучна сигнатура Баркод Цена в евро Служебен тип на артикула
  Не е изгубен Universal Decimal Classification Не е повреден без рестрикции заемане за дома 681771 Регионална библиотека "Любен Каравелов" Русе Регионална библиотека "Любен Каравелов" Русе Детски отдел 2018-10-31 Детски отдел 5.52 120000825464 ДН 373.3.016:51/А 64 В 120000825464 2.82 Книги
  Не е изгубен Universal Decimal Classification Не е повреден   заемане за дома 681772 Регионална библиотека "Любен Каравелов" Русе Регионална библиотека "Любен Каравелов" Русе Детски отдел 2018-10-31 Детски отдел 5.52 120000825463 ДН 373.3.016:51/А 64 В 120000825463 2.82 Книги
  Не е изгубен Universal Decimal Classification Не е повреден без рестрикции ползва се в читалня 698480 Регионална библиотека "Любен Каравелов" Русе Регионална библиотека "Любен Каравелов" Русе Хранилище 2019-04-05 Хранилище 6.90   Цб ІІ 23619 120000830743 3.53 Книги
Vip Innovations Ltd, Rousse, Bulgaria 2025